Premis de Comunicació de la Diputació de Barcelona : ... ...
Descripción Física:
24 cm
MARC
| LEADER | 00000nam a2200000Ia 4500 | ||
|---|---|---|---|
| 001 | 15382, 19328 | ||
| 008 | 160829s2002 - xx 000 0 cat d | ||
| 080 | |a FU-35-55, FU-3-63 | ||
| 110 | 1 | |a Barcelona (Catalunya : Província). |b Diputació |9 52408 | |
| 245 | |a Premis de Comunicació de la Diputació de Barcelona : |b ... | ||
| 260 | |a [Barcelona] : |b la Diputació. Xarxa de Municipis, |c 2002 - | ||
| 300 | |a 24 cm | ||
| 590 | |a El volum de 2002 inclou les bases dels següents premis: Tasis-Torrent (XXII edició), Rosalia Rovira (XVIII edició), Miramar ( XIV edició), La Malla (VII edició). | ||
| 590 | |a El volum de 2007 inclou les bases dels següents premis: Tasis-Torrent (27a edició), Miramar (19a edició), Rosalia Rovira (23a edició), Arrel (19a edició), Innova (12a edició) i Premi d'Honor de Comunicació de la Diputació de Barcelona. | ||
| 590 | |a Títol variant: Premis de Comunicació Local de la Diputació de Barcelona | ||
| 650 | |a Premis de Comunicació de la Diputació de Barcelona (2002) |9 39040 | ||
| 650 | |a Comunicació |x Premis |9 39041 | ||
| 866 | |a 2002, 2007 | ||
| 901 | |a Arxiu | ||
| 942 | |n 1 | ||
| 952 | |0 0 |1 0 |4 0 |6 FU3555_FU363 |7 1 |9 48768 |a Arxiu |b Arxiu |d 2016-12-01 |l 0 |o FU-35-55, FU-3-63 |p 15382, 19328 |r 2016-12-01 00:00:00 |w 2016-12-01 |y ARXIU | ||
| 999 | |c 52599 |d 52599 | ||